Распределение атмосферного давления на пространстве Российской империи и Азиатского материка на основании наблюдений с 1836 по 1885 года. Критически обработал Алексей Тилло. Спб., 1890 г. (Записки Императорского Русского географического о-ва по общей географии. Т. 21) (Запись № 3734283)

Подробности
000 -МАРКЕР
контрольное поле 02262nam0a22003251 4500
001 - ИДЕНТИФИКАТОР ЗАПИСИ
контрольное поле v19\rc\1562927
005 - ИДЕНТИФИКАТОР ВЕРСИИ
контрольное поле 20060620141023.8
035 ## - ДРУГИЕ СИСТЕМНЫЕ НОМЕРА
Идентификатор записи (NLR Aleph) 004675383
100 ## - ДАННЫЕ ОБЩЕЙ ОБРАБОТКИ
Данные общей обработки 20060620e18921891|||y0rusy50 ca
101 0# - ЯЗЫК РЕСУРСА
Язык текста, звукозаписи и т.д. русский
102 ## - СТРАНА ПУБЛИКАЦИИ ИЛИ ПРОИЗВОДСТВА
Страна публикации Российская Федерация
105 ## - ПОЛЕ КОДИРОВАННЫХ ДАННЫХ: ТЕКСТОВЫЕ МАТЕРИАЛЫ, МОНОГРАФИЧЕСКИЕ
Кодированные данные о монографическом текстовом документе y z |||||
200 1# - ЗАГЛАВИЕ И СВЕДЕНИЯ ОБ ОТВЕТСТВЕННОСТИ
Основное заглавие Распределение атмосферного давления на пространстве Российской империи и Азиатского материка на основании наблюдений с 1836 по 1885 года. Критически обработал Алексей Тилло. Спб., 1890 г. (Записки Императорского Русского географического о-ва по общей географии. Т. 21)
Сведения, относящиеся к заглавию Рец. проф. А. Клоссовского
210 ## - ПУБЛИКАЦИЯ, РАСПРОСТРАНЕНИЕ И ДР.
Место издания, распространения и т.д. [Санкт-Петербург]
Имя издателя, распространителя и т. д. тип. Имп. Акад. наук
Дата издания, распространения и т.д. ценз. 1892
215 ## - ФИЗИЧЕСКАЯ ХАРАКТЕРИСТИКА
Специфическое обозначение материала и объем 22 с.
Размеры 24
309 ## - ПРИМЕЧАНИЯ ОБ ОСНОВНОМ ИСТОЧНИКЕ ИНФОРМАЦИИ И ОБ ОСОБЕННОСТЯХ ПОЛИГРАФИЧЕСКОГО ОФОРМЛЕНИЯ ИЗДАНИЯ
Текст примечания Без тит. л.
311 ## - ПРИМЕЧАНИЯ, ОТНОСЯЩИЕСЯ К ПОЛЯМ СВЯЗИ (ПРИМЕЧАНИЯ О СВЯЗИ С ДРУГИМИ ПРОИЗВЕДЕНИЯМИ (ИЗДАНИЯМИ))
Текст примечания Отт. из Отчета о присуждении в 1891 г. премий Макария митрополита Московского
470 #0 - РЕЦЕНЗИРУЕМЫЙ, РЕФЕРИРУЕМЫЙ ДОКУМЕНТ
Встроенное поле 2001#$aРаспределение атмосферного давления на пространстве Российской империи и Азиатского материка на основании наблюдений с 1836 по 1885 года$e(Записки Императорского Русского географического о-ва по общей географии. Т. 21)$fКритически обработал Алексей Тилло
-- 210##$aСанкт-Петербург$d1890
-- 700#1$aТилло$bА.А.$f1839-1899/1900$gАлексей Андреевич
488 #0 - ДРУГИЕ ВЗАИМОСВЯЗАННЫЕ ПРОИЗВЕДЕНИЯ (ДОКУМЕНТЫ)
Встроенное поле 2001#$aОтчет о присуждении в 1891 г. премий Макария митрополита Московского
700 #1 - ИМЯ ЛИЦА - ПЕРВИЧНАЯ ОТВЕТСТВЕННОСТЬ
Начальный элемент ввода Клоссовский
Часть имени, кроме начального элемента ввода А. В.
Даты 1846-1917
Расширение инициалов личного имени Александр Викентьевич
801 #0 - ИСТОЧНИК ЗАПИСИ
Страна Российская Федерация
Организация NLR
Правила каталогизации psbo
801 #0 - ИСТОЧНИК ЗАПИСИ
Страна Российская Федерация
Организация RuMoRGB
Источник данных psbo
801 #1 - ИСТОЧНИК ЗАПИСИ
Страна Российская Федерация
Организация ProSoft-M
Источник данных rusmarc
852 ## - МЕСТОНАХОЖДЕНИЕ И ШИФР ХРАНЕНИЯ
Идентификатор организации NLR
Шифр хранения (Call Number) 18.188.6.390
899 ## - ДАННЫЕ О МЕСТОНАХОЖДЕНИИ (устаревшее)
Местонахождение RuMoRGB
Шифр хранения A 201/226
899 ## - ДАННЫЕ О МЕСТОНАХОЖДЕНИИ (устаревшее)
Местонахождение RuMoRGB
Шифр хранения U 250/1001
899 ## - ДАННЫЕ О МЕСТОНАХОЖДЕНИИ (устаревшее)
Местонахождение БАН
942 ## - ДОПОЛНИТЕЛЬНЫЕ ЭЛЕМЕНТЫ ЗАПИСИ (АБИС)
Тип экземпляра АБИС Книга
980 ## - КОЛЛЕКЦИЯ
Название коллекции Национальная библиография
Экземпляры
Тип экземпляра Дата поступления Библиотека постоянного хранения Библиотека текущего хранения Место хранения Шифр хранения Штрих-код Статус экземпляра
Книга 26.10.2013 РНБ (Московский) РНБ (Московский) Неопределен, для заказа не доступен, в ЭК виден   4675383-40  
Книга 26.10.2013 РНБ (Садовая) РНБ (Садовая) Русский книжный фонд -Главное здание, Ленинский читальный зал 18.188.6.390 4675383-10